La lettre et l'esprit : geographie scolaire et geographie savante en France : 1870-1970

Αποθηκεύτηκε σε:
Λεπτομέρειες βιβλιογραφικής εγγραφής
Κύριος συγγραφέας: Lefort, Isabelle
Μορφή: Βιβλίο
Γλώσσα:French
Δημοσίευση: Paris : Centre National de la Recherche Scientifique, 1992
Σειρά:Memoires et documents de geographie
Θέματα:
Ετικέτες: Προσθήκη ετικέτας
Δεν υπάρχουν, Καταχωρήστε ετικέτα πρώτοι!

MARC

LEADER 00000nam a2200000 i 4500
001 1/96518
008 980824s1992 fre d
020 |a 2-222-04666-1 
035 |l 10010214 
040 |a GR-MY-UA  |b gre  |e aacr 
041 0 |a fre 
082 0 |a 910.944 
100 1 |a Lefort, Isabelle. 
245 1 3 |a La lettre et l'esprit :  |b geographie scolaire et geographie savante en France : 1870-1970 /  |c Isabelle Lefort 
260 |a Paris :   |b Centre National de la Recherche Scientifique,   |c 1992 
300 |a 257 p. 
490 1 |a Memoires et documents de geographie 
504 |a Includes bibliographical references and index 
650 0 0 |a Geography  |x Study and teaching  |z France  |x History. 
852 |a INST  |b LESVOS  |e 19980824  |h 910.944 LEF  |p 005100015683  |q 005100015683  |t BK  |y 0 
909 |a Λ  |b 037189 
922 |a 1ΕΛΗ  |b 199410  |c ΡΕΝΤΖΟΣ 
950 |a 169-1994-09-06